000 02363 a2200385 4500
001 23595655
003 000
005 20251015100325.0
008 240307s2024 enk b 001 0 eng
010 _a 2023055735
020 _a9781032187136
035 _a23595655
040 _aDLC
_beng
_erda
_cDLC
042 _apcc
050 0 0 _aHD 1375 .O43
082 0 0 _a333.33
_223/eng/20240327
100 1 _aOladiran, Olayiwola,
_eauthor.
245 1 0 _aProptech and real estate innovations :
_ba guide to digital technologies and solutions in the built environment /
_cOlayiwola Oladiran and Louisa Dickins.
263 _a2405
264 1 _aAbingdon, Oxon ;
_aNew York, NY :
_bRoutledge,
_c2025.
300 _axxx, 330p.
_bill.
336 _atext
_btxt
_2rdacontent
337 _aunmediated
_bn
_2rdamedia
338 _avolume
_bnc
_2rdacarrier
504 _aIncludes bibliographical references and index.
520 _a"This textbook serves as a guide to real estate students and educators on the various property innovations and digital technologies which continue to shape the industry. The advancement of PropTech in the last few decades has led to significant changes in real estate systems, operations, and practice, and this new textbook provides insight on the past, present, and future of PropTech innovations which have spread across the value chain of real estate through planning, development, management, finance, investment, operations and transactions. The textbook approaches this subject from the real estate components, asset classes and submarkets and links them to the associated innovations and digital technologies. It concludes by reviewing the role of education, innovation, skill development and professionalism as major elements of the future of real estate operations and practice"--
_cProvided by publisher.
650 0 _aReal estate business
_xTechnological innovations.
650 0 _aReal estate development
_xTechnological innovations.
650 0 _aReal property.
700 1 _aDickins, Louisa,
_eauthor.
776 0 8 _iOnline version:
_aOladiran, Olayiwola.
_tProptech and real estate innovations
_dLondon ; New York, NY : Routledge, Taylor & Francis Group, 2024
_z9781003262725
_w(DLC) 2023055736
906 _a7
_bcbc
_corignew
_d1
_eecip
_f20
_gy-gencatlg
942 _2lcc
_cBK
999 _c43777
_d43777